00626nam a22002057a 450000500170000000800410001701000140005802000260007202000230009803500130012103700130013404000130014708200120016010000270017224500820019926000390028127000440032030000360036450000200040020100601105739.0100601t xxu||||| |||| 00| 0 eng d aENG-96221 a9780070153820c295.00 a0070153825c295.00 aEN-79754 bDBAD/PUB aDPLbENG a621.381 aMandal, Soumitra Kumar aDigital electronics:bprinciples and applications /cby Soumitra Kumar Mandal aNew DelhibTata McGraw Hil c2010 a7, West Patel NagarbNew Delhie110008 axiv, 706p. :c24 cm (pbk)bill. aincludes index